Famous Movies by pictures - Statistics

General Stats
  • This quiz has been taken 278 times
  • The average score is 10 of 16
Answer Stats
Picture Answer % Correct
E t
100%
Titanic
98%
Forrest Gump
95%
Mean girls
89%
Karate kid
84%
Mrs doubtfire
70%
Interstellar
69%
Grown ups
60%
My girl
58%
The notebook
58%
Stepbrothers
50%
Bridesmaids
46%
Napoleon dynamite
46%
Little rascals
39%
The sandlot
33%
Soul surfer
21%
No matching quizzes found
Score Distribution
Percent of People with Each Score
Percentile by Number Answered
Your Score History
You have not taken this quiz